[Event "Agneaux St Lo op 16th"]
[Site "Agneaux"]
[Date "2014.07.07"]
[Round "3"]
[White "Van Wiele, Kurt"]
[Black "Marimoutou, Loic"]
[Result "1-0"]
[WhiteElo "1886"]
[BlackElo "2081"]
[PlyCount "61"]
[EventDate "2014.07.06"]
[EventType "swiss"]
[EventRounds "9"]
[EventCountry "FRA"]
[SourceTitle "EXT 2015"]
[Source "ChessBase"]
[SourceDate "2014.11.20"]
[SourceVersion "1"]
[SourceVersionDate "2014.11.20"]
[SourceQuality "1"]

1. e4 e5 2. Nf3 Nc6 3. Bc4 Nf6 4. Ng5 d5 5. exd5 b5 6. Bf1 Nd4 7. c3 Nxd5 8. cxd4 Qxg5 9. Bxb5+ Kd8 10. Qf3 Bb7 11. 0-0 exd4 12. d3 Qf6 13. Qg4 Qd6 14. Qxd4 Be7 15. Na3 Bf6 16. Qg4 h5 17. Qg3 Be5 18. Qh4+ Nf6 19. d4 Qd5 20. Qh3 Bd6 21. Bc4 Qc6 22. Be2 Bxa3 23. bxa3 Re8 24. Be3 Nd5 25. Bf3 Qd6 26. Rab1 Ba6 27. Rfc1 Rc8 28. Rb3 g6 29. Qh4+ Re7 30. Bxd5 Qxd5 31. Bg5 1-0

[Event "Maastricht Limburg op-B 8th"]
[Site "Maastricht"]
[Date "2014.06.09"]
[Round "6"]
[White "Kuryliw, Ray"]
[Black "Van Wiele, Kurt"]
[Result "0-1"]
[WhiteElo "1884"]
[BlackElo "1880"]
[PlyCount "32"]
[EventDate "2014.06.06"]
[EventType "swiss"]
[EventRounds "7"]
[EventCountry "NED"]
[SourceTitle "EXT 2015"]
[Source "ChessBase"]
[SourceDate "2014.11.20"]
[SourceVersion "1"]
[SourceVersionDate "2014.11.20"]
[SourceQuality "1"]

1. e4 Nc6 2. Nf3 e5 3. Bb5 Bc5 4. 0-0 Nge7 5. c3 Ng6 6. d4 exd4 7. cxd4 Bb6 8. Nc3 0-0 9. Nd5 Nce7 10. Nxb6 axb6 11. Bd2 d5 12. e5 c5 13. Bc3 Nf4 14. Ne1 Neg6 15. b4 c4 16. Ba4 Bg4 0-1

[Event "Maastricht Limburg op-B 8th"]
[Site "Maastricht"]
[Date "2014.06.08"]
[Round "4"]
[White "Kempen, Leon JP"]
[Black "Van Wiele, Kurt"]
[Result "1-0"]
[WhiteElo "1957"]
[BlackElo "1880"]
[PlyCount "57"]
[EventDate "2014.06.06"]
[EventType "swiss"]
[EventRounds "7"]
[EventCountry "NED"]
[SourceTitle "EXT 2015"]
[Source "ChessBase"]
[SourceDate "2014.11.20"]
[SourceVersion "1"]
[SourceVersionDate "2014.11.20"]
[SourceQuality "1"]

1. d4 Nf6 2. c4 e6 3. Nc3 Bb4 4. e3 0-0 5. Qc2 d5 6. a3 Bxc3+ 7. bxc3 b6 8. cxd5 exd5 9. Nf3 Bg4 10. Ne5 Bh5 11. h3 c5 12. g4 Bg6 13. Nxg6 fxg6 14. Bg2 cxd4 15. cxd4 Nbd7 16. Qb3 Kh8 17. g5 Ne4 18. Qxd5 Nxf2 19. 0-0 Nxh3+ 20. Bxh3 Rxf1+ 21. Kxf1 Qf8+ 22. Ke2 Rd8 23. Qe6 Nc5 24. dxc5 Qxc5 25. Bd2 Rf8 26. Rc1 Qb5+ 27. Ke1 Qxg5 28. Qg4 Qb5 29. Qc8 1-0

[Event "BEL-ch op"]
[Site "Lommel"]
[Date "2012.07.04"]
[Round "5"]
[White "Van Wiele, Kurt"]
[Black "Geboers, Jimmy"]
[Result "1/2-1/2"]
[WhiteElo "1843"]
[BlackElo "1954"]
[PlyCount "125"]
[EventDate "2012.06.30"]
[EventType "swiss"]
[EventRounds "9"]
[EventCountry "BEL"]
[SourceTitle "EXT 2013"]
[Source "ChessBase"]
[SourceDate "2012.11.22"]
[SourceVersion "1"]
[SourceVersionDate "2012.11.22"]
[SourceQuality "1"]

1. e4 e6 2. Nf3 d5 3. Nc3 Nf6 4. e5 Nfd7 5. d4 a6 6. Ne2 c5 7. c3 Nc6 8. g3 Be7 9. Bg2 0-0 10. 0-0 cxd4 11. cxd4 f6 12. Nf4 Nb6 13. exf6 Bxf6 14. Re1 Qd6 15. Nh5 Be7 16. Ne5 Nxe5 17. Bf4 Qb4 18. Bxe5 g6 19. Nf4 Bf6 20. Nd3 Qe7 21. b3 Bxe5 22. Nxe5 Qf6 23. Qe2 Nd7 24. Ng4 Qxd4 25. Qxe6+ Kh8 26. Rad1 Qa7 27. Bxd5 Qc5 28. Bxb7 Nf6 29. Bxc8 Nxg4 30. Qxg4 Qxf2+ 31. Kh1 Raxc8 32. Rf1 Qc5 33. Qd4+ Qxd4 34. Rxf8+ Rxf8 35. Rxd4 Rf6 36. Kg2 Kg8 37. Rd7 Rc6 38. a4 Rc2+ 39. Kh3 h5 40. Ra7 Rc6 41. Kh4 Rb6 42. Kg5 Kf8 43. b4 Rxb4 44. Rxa6 Rg4+ 45. Kf6 Ke8 46. Ra5 h4 47. Rg5 Rxa4 48. Kxg6 hxg3 49. hxg3 Kf8 50. Kh6 Kf7 51. g4 Ra1 52. Rf5+ Kg8 53. Kg6 Ra6+ 54. Rf6 Ra7 55. Rb6 Rg7+ 56. Kf5 Rf7+ 57. Rf6 Kg7 58. Rxf7+ Kxf7 59. g5 Kg7 60. g6 Kg8 61. Kf6 Kf8 62. g7+ Kg8 63. Kg6 1/2-1/2

[Event "La Fere op 10th"]
[Site "La Fere"]
[Date "2011.07.08"]
[Round "8.26"]
[White "Rouffignac, Marie"]
[Black "Van Wiele, Kurt"]
[Result "1/2-1/2"]
[WhiteElo "1568"]
[BlackElo "1806"]
[PlyCount "102"]
[EventDate "2011.07.02"]
[EventType "swiss"]
[EventRounds "9"]
[EventCountry "FRA"]
[SourceTitle "EXT 2012"]
[Source "ChessBase"]
[SourceDate "2011.11.24"]
[SourceVersion "1"]
[SourceVersionDate "2011.11.24"]
[SourceQuality "1"]

1. e4 Nc6 2. Nc3 e5 3. Bc4 Nf6 4. d3 h6 5. f4 Bc5 6. Nf3 d6 7. Na4 Bb6 8. Nxb6 axb6 9. 0-0 Bg4 10. h3 Bxf3 11. Qxf3 Nd4 12. Qf2 b5 13. fxe5 dxe5 14. Bd5 c6 15. c3 Ne2+ 16. Qxe2 cxd5 17. Be3 0-0 18. exd5 Nxd5 19. Rad1 Nxe3 20. Qxe3 Rxa2 21. Qxe5 Qb6+ 22. d4 Rxb2 23. Rb1 Rc2 24. Rxb5 Qg6 25. Qd5 Re8 26. Rxb7 Ree2 27. Qxf7+ Qxf7 28. Rfxf7 Rxg2+ 29. Kf1 Rg3 30. d5 Rcg2 31. d6 Rg1+ 32. Kf2 R1g2+ 33. Kf1 Rg1+ 34. Ke2 R1g2+ 35. Rf2 Rxf2+ 36. Kxf2 Rd3 37. d7 Kf8 38. Rb8+ Ke7 39. d8Q+ Rxd8 40. Rxd8 Kxd8 41. Kf3 Ke7 42. Kf4 Ke6 43. c4 g6 44. c5 Kd5 45. c6 Kxc6 46. Ke5 h5 47. h4 Kd7 48. Kf6 Ke8 49. Kxg6 Kf8 50. Kxh5 Kg7 51. Kg5 Kh7 1/2-1/2

[Event "La Fere op 10th"]
[Site "La Fere"]
[Date "2011.07.07"]
[Round "7.9"]
[White "Van Wiele, Kurt"]
[Black "Henris, Luc"]
[Result "0-1"]
[WhiteElo "1806"]
[BlackElo "2189"]
[PlyCount "50"]
[EventDate "2011.07.02"]
[EventType "swiss"]
[EventRounds "9"]
[EventCountry "FRA"]
[SourceTitle "EXT 2012"]
[Source "ChessBase"]
[SourceDate "2011.11.24"]
[SourceVersion "1"]
[SourceVersionDate "2011.11.24"]
[SourceQuality "1"]

1. e4 e5 2. Nf3 Nc6 3. Bc4 Nf6 4. Ng5 d5 5. exd5 b5 6. Bf1 h6 7. Nh3 Bxh3 8. dxc6 Bf5 9. Qe2 Bd6 10. Qxb5 Rb8 11. Qa4 0-0 12. c3 Bc5 13. Be2 Ne4 14. 0-0 Qf6 15. Bf3 Bxf2+ 16. Rxf2 Nxf2 17. Qxa7 Nd3 18. Na3 e4 19. Be2 Qxc6 20. Nc2 Rb6 21. Bxd3 exd3 22. Nd4 Qe4 23. h3 Bxh3 24. Nf3 Bxg2 25. Kxg2 Rg6+ 0-1

[Event "La Fere op 10th"]
[Site "La Fere"]
[Date "2011.07.04"]
[Round "3.6"]
[White "Van Wiele, Kurt"]
[Black "Peric, Slavisa"]
[Result "0-1"]
[WhiteElo "1806"]
[BlackElo "2258"]
[PlyCount "116"]
[EventDate "2011.07.02"]
[EventType "swiss"]
[EventRounds "9"]
[EventCountry "FRA"]
[SourceTitle "EXT 2012"]
[Source "ChessBase"]
[SourceDate "2011.11.24"]
[SourceVersion "1"]
[SourceVersionDate "2011.11.24"]
[SourceQuality "1"]

1. e4 e6 2. Nf3 d5 3. e5 c5 4. b4 cxb4 5. a3 Nh6 6. axb4 Bxb4 7. c3 Be7 8. d4 Nf5 9. Bd3 Nc6 10. Nbd2 a6 11. Nf1 Bd7 12. Ng3 g6 13. Ne2 Na7 14. 0-0 Bb5 15. Nf4 Rc8 16. Bd2 h5 17. Re1 Bxd3 18. Nxd3 Nb5 19. Qb3 Qc7 20. Rec1 Qc4 21. Qxc4 Rxc4 22. Nb2 Rc7 23. Na4 0-0 24. h3 Kg7 25. g4 hxg4 26. hxg4 Nh6 27. Nh2 Rc4 28. Kg2 Ba3 29. Rxa3 Nxa3 30. Nb6 Rc7 31. Rh1 Nc4 32. Bg5 Ng8 33. Na4 b5 34. Nc5 Rxc5 35. dxc5 Nxe5 36. Be3 f6 37. g5 Nc4 38. gxf6+ Nxf6 39. Bc1 a5 40. Nf3 Rh8 41. Rxh8 Kxh8 42. Nd4 Ne4 43. c6 Nxc3 44. c7 Nb6 45. Nxe6 b4 46. Be3 Nc8 47. Nf4 Kh7 48. Kf3 a4 49. Bc5 b3 50. Nd3 Nb5 51. Ke3 a3 52. Bxa3 Nxa3 53. Kd4 Nc4 54. Kxd5 b2 55. Nxb2 Nxb2 56. Ke4 Kg7 57. Kf4 Kf6 58. Kg4 Nd3 0-1

[Event "La Fere op 10th"]
[Site "La Fere"]
[Date "2011.07.03"]
[Round "2.16"]
[White "Koechler, Thomas"]
[Black "Van Wiele, Kurt"]
[Result "0-1"]
[WhiteElo "1989"]
[BlackElo "1806"]
[PlyCount "76"]
[EventDate "2011.07.02"]
[EventType "swiss"]
[EventRounds "9"]
[EventCountry "FRA"]
[SourceTitle "EXT 2012"]
[Source "ChessBase"]
[SourceDate "2011.11.24"]
[SourceVersion "1"]
[SourceVersionDate "2011.11.24"]
[SourceQuality "1"]

1. e4 Nc6 2. d4 e5 3. d5 Nce7 4. b3 Ng6 5. Bb2 Bc5 6. Nd2 Nf6 7. h4 d6 8. h5 Nf4 9. g3 Ng4 10. gxf4 Nxf2 11. Qf3 Nxh1 12. Qxh1 Bxg1 13. Qxg1 Qh4+ 14. Qf2 Qxh5 15. Be2 Qh1+ 16. Bf1 Bg4 17. fxe5 0-0 18. exd6 cxd6 19. Bd4 f5 20. Qg2 Qh4+ 21. Qf2 Qe7 22. Be2 fxe4 23. Qg2 Bf3 24. Qg3 Rf5 25. Nc4 Raf8 26. Kd2 Rxd5 27. c3 Bxe2 28. Kxe2 Rg5 29. Qh3 Rf3 30. Qc8+ Kf7 31. Rf1 Kg6 32. Qh8 h6 33. Nxd6 Rf8 34. Nc8 Rg2+ 35. Kd1 Qf7 36. Qxg7+ Qxg7 37. Bxg7 Kxg7 38. Nxa7 Ra8 0-1

[Event "BEL-ch op"]
[Site "Westerlo"]
[Date "2010.07.03"]
[Round "1"]
[White "Van Wiele, Kurt"]
[Black "Peleman, Tony"]
[Result "0-1"]
[WhiteElo "1757"]
[BlackElo "2075"]
[PlyCount "64"]
[EventDate "2010.07.03"]
[EventType "swiss"]
[EventRounds "9"]
[EventCountry "BEL"]
[SourceTitle "CBM 137 Extra"]
[Source "ChessBase"]
[SourceDate "2010.09.01"]
[SourceVersion "1"]
[SourceVersionDate "2010.09.01"]
[SourceQuality "1"]

1. e4 c5 2. Nc3 d6 3. f4 Nc6 4. Nf3 g6 5. Bc4 Bg7 6. 0-0 e6 7. d3 Nge7 8. Qe1 0-0 9. Qh4 a6 10. f5 gxf5 11. Ng5 h6 12. Nh3 Ng6 13. Qg3 Be5 14. Bf4 Bxf4 15. Rxf4 Kh7 16. Rf2 Nd4 17. Raf1 b5 18. Bb3 Ra7 19. Kh1 Rg8 20. Nd1 Ne5 21. Qf4 Ng4 22. Rf3 e5 23. Qd2 Nxf3 24. gxf3 Nf6 25. f4 fxe4 26. fxe5 Bxh3 27. Rxf6 e3 28. Nxe3 dxe5 29. Qf2 Rg6 30. Rxf7+ Rxf7 31. Bxf7 Rf6 32. Qh4 Rf1+ 0-1